Quelques touches d’attente au cinéma (notice n° 1605361)
[ vue normale ]
| 000 -LEADER | |
|---|---|
| fixed length control field | 00774cam a2200181 4500500 |
| 005 - DATE AND TIME OF LATEST TRANSACTION | |
| control field | 20251228095026.0 |
| 041 ## - LANGUAGE CODE | |
| Language code of text/sound track or separate title | fre |
| 042 ## - AUTHENTICATION CODE | |
| Authentication code | dc |
| 100 10 - MAIN ENTRY--PERSONAL NAME | |
| Personal name | Motoret, Laurence |
| Relator term | author |
| 245 00 - TITLE STATEMENT | |
| Title | Quelques touches d’attente au cinéma |
| 260 ## - PUBLICATION, DISTRIBUTION, ETC. | |
| Date of publication, distribution, etc. | 2016.<br/> |
| 500 ## - GENERAL NOTE | |
| General note | 25 |
| 520 ## - SUMMARY, ETC. | |
| Summary, etc. | L’auteur livre deux ou trois pistes pour se remémorer les moments d’attente au cinéma… |
| 520 ## - SUMMARY, ETC. | |
| Summary, etc. | The author gives a few guidelines in order to recall moments of expectation at the cinema. |
| 520 ## - SUMMARY, ETC. | |
| Summary, etc. | Neste artigo, a autora sugere algumas pistas de leitura sobre as dimensões da espera no cinema… |
| 786 0# - DATA SOURCE ENTRY | |
| Note | Sigila | 37 | 1 | 2016-03-01 | p. 163-166 | 1286-1715 |
| 856 41 - ELECTRONIC LOCATION AND ACCESS | |
| Uniform Resource Identifier | <a href="https://shs.cairn.info/revue-sigila-2016-1-page-163?lang=fr&redirect-ssocas=7080">https://shs.cairn.info/revue-sigila-2016-1-page-163?lang=fr&redirect-ssocas=7080</a> |
Pas d'exemplaire disponible.




Réseaux sociaux